[Event "PokerStars Masters 2nd"]
[Site "Douglas"]
[Date "2015.10.11"]
[Round "9.26"]
[White "Vuilleumier, Alexandre"]
[Black "Hamitevici, Vladimir"]
[Result "1/2-1/2"]
[WhiteElo "2345"]
[BlackElo "2439"]
[PlyCount "72"]
[EventDate "2015.10.03"]
[EventType "swiss"]
[EventRounds "9"]
[EventCountry "IOM"]
[SourceTitle "twic1065-1099"]
[Source "Mark Crowther"]
[SourceDate "2015.12.04"]
[SourceVersion "1"]
[SourceVersionDate "2015.12.04"]
[SourceQuality "1"]

1. e4 c5 2. Nf3 d6 3. d4 Nf6 4. Nc3 cxd4 5. Nxd4 a6 6. h3 e6 7. g4 Qc7 8. g5
Nfd7 9. Be3 Nc6 10. f4 b5 11. Nxc6 Qxc6 12. Bg2 Bb7 13. Qd4 Qc5 14. Qxc5 Nxc5
15. Bxc5 dxc5 16. O-O c4 17. Rad1 f6 18. e5 Bc5+ 19. Kh2 Bxg2 20. Kxg2 f5 21.
a4 Ke7 22. Kf3 g6 23. axb5 axb5 24. Ra1 b4 25. Na4 Ba7 26. Rfd1 Rhd8 27. Rd6
Rab8 28. Rc6 Rbc8 29. Rxc8 Rxc8 30. Nc3 Bc5 31. Nd1 Kd7 32. Ne3 c3 33. b3 h6
34. gxh6 Rh8 35. Ra5 Bxe3 36. Kxe3 Rxh6 1/2-1/2

[Event "PokerStars Masters 2nd"]
[Site "Douglas"]
[Date "2015.10.11"]
[Round "9.27"]
[White "Kobo, Ori"]
[Black "Berry, Neil"]
[Result "1/2-1/2"]
[WhiteElo "2427"]
[BlackElo "2355"]
[PlyCount "83"]
[EventDate "2015.10.03"]
[EventType "swiss"]
[EventRounds "9"]
[EventCountry "IOM"]
[SourceTitle "twic1065-1099"]
[Source "Mark Crowther"]
[SourceDate "2015.12.04"]
[SourceVersion "1"]
[SourceVersionDate "2015.12.04"]
[SourceQuality "1"]

1. d4 Nf6 2. c4 e6 3. Nc3 Bb4 4. f3 c5 5. d5 b5 6. e4 O-O 7. e5 Ne8 8. f4 exd5
9. cxd5 d6 10. Nf3 Nc7 11. Bd3 c4 12. Bc2 dxe5 13. d6 Bxd6 14. fxe5 Bb4 15.
Qxd8 Rxd8 16. Be4 Bxc3+ 17. bxc3 Nd5 18. Bg5 Rd7 19. Nd4 h6 20. Bh4 Bb7 21.
Nxb5 Ne3 22. Ke2 Bxe4 23. Kxe3 Bd3 24. Nd4 Na6 25. Kf3 Rb8 26. Rhe1 Nc5 27. Bf2
Rb2 28. Bg1 Na4 29. Rec1 Nc5 30. Re1 Ne6 31. h4 h5 32. Nxe6 fxe6 33. Kg3 Rdb7
34. Bd4 Rd2 35. Red1 Rxd1 36. Rxd1 Rb2 37. Bxa7 Rxa2 38. Be3 Rc2 39. Rc1 Ra2
40. Rd1 Kf7 41. Rd2 Rxd2 42. Bxd2 1/2-1/2

[Event "PokerStars Masters 2nd"]
[Site "Douglas"]
[Date "2015.10.11"]
[Round "9.28"]
[White "Mannion, Stephen R"]
[Black "Satyapragyan, Swayangsu"]
[Result "0-1"]
[WhiteElo "2344"]
[BlackElo "2416"]
[PlyCount "96"]
[EventDate "2015.10.03"]
[EventType "swiss"]
[EventRounds "9"]
[EventCountry "IOM"]
[SourceTitle "twic1065-1099"]
[Source "Mark Crowther"]
[SourceDate "2015.12.04"]
[SourceVersion "1"]
[SourceVersionDate "2015.12.04"]
[SourceQuality "1"]

1. e4 e6 2. d4 d5 3. Nd2 Nf6 4. e5 Nfd7 5. c3 c5 6. f4 Nc6 7. Ndf3 cxd4 8. cxd4
a5 9. Ne2 Nb6 10. Nc3 a4 11. Bb5 Bd7 12. O-O a3 13. b3 Be7 14. Qe2 O-O 15. Be3
Nb4 16. Rac1 Rc8 17. Bxd7 Qxd7 18. Nb1 Ra8 19. Rc3 Nc8 20. Rfc1 Nc6 21. Ne1 Bb4
22. R3c2 Bxe1 23. Rxe1 f6 24. Nc3 fxe5 25. fxe5 N8e7 26. Rd2 Nf5 27. Bf2 Qe7
28. Red1 Rf7 29. Rd3 Raf8 30. Qd2 Qd8 31. Ne2 Nd6 32. Bg3 Ne4 33. Qe1 Qg5 34.
b4 h5 35. b5 Ne7 36. h4 Qg4 37. Rxa3 Nf5 38. Rdd3 Nfxg3 39. Nxg3 Qxh4 40. Rd1
Nf2 41. Rdd3 Ng4 42. Rf3 Qh2+ 43. Kf1 h4 44. Ne2 Qh1+ 45. Ng1 Nh2+ 46. Kf2 Nxf3
47. Rxf3 Rxf3+ 48. gxf3 h3 0-1

[Event "PokerStars Masters 2nd"]
[Site "Douglas"]
[Date "2015.10.11"]
[Round "9.29"]
[White "Eggleston, David"]
[Black "Allen, Keith"]
[Result "1-0"]
[WhiteElo "2404"]
[BlackElo "2210"]
[PlyCount "73"]
[EventDate "2015.10.03"]
[EventType "swiss"]
[EventRounds "9"]
[EventCountry "IOM"]
[SourceTitle "twic1065-1099"]
[Source "Mark Crowther"]
[SourceDate "2015.12.04"]
[SourceVersion "1"]
[SourceVersionDate "2015.12.04"]
[SourceQuality "1"]

1. e4 e5 2. Nf3 Nc6 3. Bc4 Bc5 4. c3 Nf6 5. d3 O-O 6. O-O d5 7. exd5 Nxd5 8.
Re1 Bg4 9. h3 Bh5 10. Nbd2 Nb6 11. b4 Bd6 12. Bb3 Kh8 13. Ne4 f6 14. Ng3 Bf7
15. Nf5 a5 16. b5 Ne7 17. Nxe7 Qxe7 18. d4 Rae8 19. dxe5 fxe5 20. Ng5 Bxb3 21.
axb3 Nd7 22. Rxa5 e4 23. Rxe4 Qf6 24. Be3 Qxc3 25. Nf7+ Kg8 26. Rxe8 Rxe8 27.
Nxd6 cxd6 28. Qd5+ Kh8 29. Ra7 Nf6 30. Qxb7 Rg8 31. Ra8 d5 32. Qc6 Qxb3 33.
Rxg8+ Kxg8 34. Qe6+ Kh8 35. Qc8+ Ng8 36. b6 d4 37. b7 1-0

[Event "PokerStars Masters 2nd"]
[Site "Douglas"]
[Date "2015.10.11"]
[Round "9.30"]
[White "L'Ami, Alina"]
[Black "Merry, Alan B"]
[Result "0-1"]
[WhiteElo "2369"]
[BlackElo "2335"]
[PlyCount "92"]
[EventDate "2015.10.03"]
[EventType "swiss"]
[EventRounds "9"]
[EventCountry "IOM"]
[SourceTitle "twic1065-1099"]
[Source "Mark Crowther"]
[SourceDate "2015.12.04"]
[SourceVersion "1"]
[SourceVersionDate "2015.12.04"]
[SourceQuality "1"]

1. d4 e6 2. c4 f5 3. g3 Nf6 4. Bg2 g6 5. Nc3 Bg7 6. Bg5 h6 7. Bf4 d5 8. cxd5
exd5 9. Nb5 Na6 10. Rc1 c6 11. Nd6+ Kf8 12. Nf3 g5 13. Be5 Ne4 14. Nxc8 Qa5+
15. Kf1 Rxc8 16. Bxg7+ Kxg7 17. Ne5 Qxa2 18. e3 Rcf8 19. Bxe4 dxe4 20. Nc4 Nb4
21. Kg2 Nd3 22. Rc2 Qb3 23. Qe2 Rf6 24. Ra1 a6 25. Ne5 Qd5 26. Rd2 f4 27. gxf4
gxf4 28. Kh1 Kh7 29. f3 fxe3 30. Qxe3 Rg8 31. fxe4 Qa5 32. Rad1 Qxd2 33. Qxd2
Nf2+ 34. Qxf2 Rxf2 35. d5 cxd5 36. exd5 Rf5 37. Nc4 Rd8 38. d6 b5 39. Na5 Rd7
40. Kg2 Rf8 41. Kg3 Rfd8 42. Rc1 Rxd6 43. Nb7 Rg6+ 44. Kf4 Rd2 45. b4 Rg5 46.
h4 Rd4+ 0-1